00438nam a2200133 a 450000500170000000800410001705000170005810000210007524500500009626000370014644000060018399900190018995200960020820140414131918.0101021s19uu xx 00 eng d aERbT32 1997 aMaccarone, Grace aThree pigs, one wolf, and seven magic shapes. aNew York :bScholastic ,c1997. a  c111613d111613 001040aMUbMUcERd2010-10-21l0oER T32 1997pM2420r2014-04-14 00:00:00w2014-04-14yBK